Länder mit der meisten Weinproduktion - Statistiken

Allgemein
  • Dieses Quiz wurde 179 mal gespielt
  • Das Durchschnittsergebnis liegt bei 8 aus 10
Antwortstatistiken
Weinproduktion in Millionen Hektoliter Antwort % Korrekt
46,6 Frankreich
98%
49,1 Italien
98%
40,7 Spanien
98%
8,4 Deutschland
96%
22,8 USA
94%
6,6 China
78%
10,6 Australien
74%
10,8 Argentinien
68%
10,3 Chile
62%
10,4 Südafrika
62%
Keine übereinstimmenden Quizze gefunden
Verteilung der Resultate
Anzahl Personen mit jedem Resultat
Perzentil nach korrekt beantworteten Fragen
Ihre Resultats-Entwicklung
Sie haben dieses Quiz noch nicht gespielt